Statistics for Counties of New Jersey

Click here to take the quiz!

General Stats

  • This quiz has been taken 171 times
  • The average score is 16 of 21

Answer Stats

Population County % Correct
783,969Essex
89%
576,567Ocean
86%
905,116Bergen
85%
809,858Middlesex
83%
149,265Sussex
83%
97,265Cape May
82%
274,549Atlantic
81%
501,226Passaic
80%
634,266Hudson
76%
128,349Hunterdon
76%
536,499Union
75%
513,657Camden
75%
448,734Burlington
74%
630,380Monmouth
74%
366,513Mercer
72%
108,692Warren
71%
492,276Morris
69%
288,288Gloucester
65%
323,444Somerset
65%
66,083Salem
64%
156,898Cumberland
57%

Score Distribution

Percentile by Number Answered

Percent of People with Each Score

Your Score History

You have not taken this quiz